| 000 | 01990cad a22002175a 4500 | ||
|---|---|---|---|
| 001 | L148863 | ||
| 008 | 091118e20091013xxk f v 000 0 eng d | ||
| 035 | _a(Sirsi) u148863 | ||
| 041 | 0 | _aeng | |
| 245 | 0 | 0 |
_aHortense Littlewood v David Radford and Another (Formerly T/a Boston Carrington Pritchard) _h[electronic resource] |
| 260 | _c2009 | ||
| 520 | _a[2009] EWCA Civ 1024, 13 October 2009. The case relates to an appeal against a professional negligence from a surveyor. The appellant (L) chose the defendant (R), a firm of surveyors to act for her in acquiring the extension of the lease of her flat. R served a notice under S42 of the Leasehold Reform, Housing And Urban Development Act 1993. An application would have to be made to the Leasehold and Valuation Tribunal (LVT) on 8th November 2000 or the application would have to be withdrawn. R warned L about the non-payment of his invoice which she disregarded. Because of failure to apply by the deadline, she had to purchase the extension of the lease at a higher price. She appealed against R for failing to advise her on the need to make an LVT application. R argued that the instruction ceased before the LVT application had to be made. "Held:" appeal allowed. In August, R still regarded themselves as acting in behalf of L. This was again valid on 8th November. L, being a client inexperienced in this field, could be expected to rely on professional advisers to be reminded of the necessity to take on appropriate measures to protect her position. | ||
| 590 | _aKA | ||
| 650 | 2 | 4 | _aLITTLEWOOD V RADFORD AND ANOTHER (FORMERLY T/A BOSTON CARRINGTON PRITCHARD) |
| 650 | 2 | 4 | _aHOWARD AND WITCHELL V WOODMAN MATTHEWS AND CO |
| 650 | 2 | 4 | _aLEASEHOLD REFORM, HOUSING AND URBAN DEVELOPMENT ACT 1993 S42 |
| 651 | 4 |
_aEngland and Wales _y1543- |
|
| 690 | _aPROPERTY-TENURE-LEASEHOLD PROPERTY | ||
| 856 | 4 | 0 |
_uhttps://www.bailii.org/ew/cases/EWCA/Civ/2009/1024.html _zView the case free of charge at www.bailli.org... |
| 942 | _n0 | ||
| 999 |
_c81977 _d81977 |
||